书目信息 |
| 题名: |
C语言真题分析与实战训练(二级)
|
|
| 作者: | 匡松 , 吕峻闽 , 缪春池 编著 | |
| 分册: | ||
| 出版信息: | 北京 清华大学出版社 2005.5 |
|
| 页数: | 276页 | |
| 开本: | 26cm | |
| 丛书名: | 全国计算机等级考试快速通关 | |
| 单 册: | ||
| 中图分类: | TP312C | |
| 科图分类: | ||
| 主题词: | C语言--C yu yan--程序设计--考核--自学参考资料 , 程序设计--cheng xu she ji | |
| 电子资源: | ||
| ISBN: | 7-302-10630-4 | |
| 000 | 01113cam2 2200289 450 | |
| 001 | 012005023030 | |
| 005 | 20051124093045.49 | |
| 010 | @a7-302-10630-4@dCNY22.00 | |
| 100 | @a20050716d2005 em y0chiy0121 ea | |
| 101 | 0 | @achi |
| 102 | @aCN@b110000 | |
| 105 | @ay zq 000yy | |
| 200 | 1 | @aC语言真题分析与实战训练(二级)@AC yu yan zhen ti fen xi yu shi zhan xun lian ( er ji )@f匡松,吕峻闽,缪春池等编著 |
| 210 | @a北京@c清华大学出版社@d2005.5 | |
| 215 | @a276页@d26cm | |
| 225 | 2 | @a全国计算机等级考试快速通关@Aquan guo ji suan ji deng ji kao shi kuai su tong guan |
| 330 | @a本书对2003年4月至2004年4月套全国计算机等级考试的笔试真题试卷的题型、考点、分值比例等情况进行了分析和总结,并对所有试题进行了详细解答。 | |
| 461 | 0 | @12001 @a全国计算机等级考试快速通关 |
| 606 | 0 | @aC语言@AC yu yan@x程序设计@x考核@j自学参考资料 |
| 606 | 0 | @a程序设计@Acheng xu she ji |
| 690 | @aTP312C@v4 | |
| 701 | 0 | @a匡松@Akuang song@4编著 |
| 701 | 0 | @a吕峻闽@Alu^ jun min@4编著 |
| 701 | 0 | @a缪春池@Amiu chun chi@4编著 |
| 801 | 0 | @aCN@bSRXX@c20051124 |
| 801 | 2 | @aCN@bSRXX@c20051110 |
| 905 | @a10447@dTP312C@eK914 | |
| C语言真题分析与实战训练(二级)/匡松,吕峻闽,缪春池等编著.-北京:清华大学出版社,2005.5 |
| 276页;26cm.-(全国计算机等级考试快速通关) |
| ISBN 7-302-10630-4:CNY22.00 |
| 本书对2003年4月至2004年4月套全国计算机等级考试的笔试真题试卷的题型、考点、分值比例等情况进行了分析和总结,并对所有试题进行了详细解答。 |
| ● |
| 相关链接 |
|
|
|
正题名:C语言真题分析与实战训练(二级)
索取号:TP312C/K914
 
预约/预借
| 序号 | 登录号 | 条形码 | 馆藏地/架位号 | 状态 | 备注 |
| 1 | 544051 | 205440511 | 期刊室512/ [索取号:TP312C/K914] | 在馆 | |
| 2 | 544052 | 205440520 | 期刊室512/301自科库 101排4列3层/ [索取号:TP312C/K914] | 在馆 | |
| 3 | 544053 | 205440539 | 自科库301/301自科库 101排4列3层/ [索取号:TP312C/K914] | 在馆 |